000 00255nam a2200085Ia 4500
245 0 _aCool written records : the proof is in the paper
100 _a Beck, Esther Edina, Minn., 2009
_976344
942 _cBK
008 210818s9999 xx 000 0 und d
999 _c431504
_d431503